College Quizbowl Stats
College Quizbowl Stats
Circuits
Seasons
Sets
Records
Detailed Stats
About
Loading...
North
Tossups
Bonuses
Players
Teams
Categories (Tossup)
Categories (Bonus)
Drew Wetterlind
Michigan State A
Categories
Category
Powers
Gets
Negs
BBs
Points
Earliest Buzz
Avg. Buzz
First Buzzes
Top 3 Buzzes
BPA
PVF
Science - Chemistry
0
2
0
0
20
99
100.50
2
2
0.00
0.00
Philosophy
0
1
0
0
10
97
97.00
1
1
0.00
0.00
Pop Culture
0
1
0
0
10
59
59.00
0
1
0.00
0.00
Science - Biology
0
1
0
0
10
62
62.00
1
1
0.00
0.00
Buzzes
Category
Answer
Value
Buzz Position
Pop Culture
“Not Like Us”
10
59
Science - Biology
plant carnivory
10
62
Philosophy
Hannah Arendt
10
97
Science - Chemistry
chemical reactions
10
99
Science - Chemistry
Wittig reaction
10
102
Science - Chemistry
Karl Barry Sharpless
0
120
Previous
1
Next